• 首页
  • 本馆介绍
  • 公告通知
  • 最新文献
  • 馆藏检索
  • 电子资源
  • 读者导购
  • 参考咨询
  • 我的图书馆
  • 登录
  • 详细信息显示
  • 放入我的书架
  • 预约/预借图书
  • 作者相关作品
  • 分类相关作品
  • 丛书相关作品
  • 出版社相关作品

书目信息

  • 表格格式
  • 工作单格式
  • 卡片格式
题名:
日语能力测试过级辅导丛书
    
 
作者: 宫伟 主编 ;崔平 册主编
分册:   二级文法
出版信息: 大连   大连理工大学出版社  2006
页数: 133页
开本: 26cm
丛书名:
单 册:
中图分类: H364 , H360.42
科图分类:
主题词: 日语--语法--水平考试--自学参考资料 , 日语 , 日语--水平考试--自学参考资料 , 语法
电子资源:
ISBN: 7-5611-3273-5
000 00887nam0 2200277 450
001 003253695
005 20070804111729.65
010    @a7-5611-3273-5@dCNY15.00
100    @a20060104d2006 em y0chiy0110 ea
101 0  @achi@ajpn
102    @aCN@b210000
105    @ay z 000yy
200 1  @a日语能力测试过级辅导丛书@9ri yu neng li ce shi guo ji fu dao cong shu@i二级文法@f宫伟主编@g崔平册主编
210    @a大连@c大连理工大学出版社@d2006
215    @a133页@d26cm
330    @a本书分文型·文法专项解说、专项练习问题、综合练习三部分,并附有参考答案。
606 0  @a日语@x语法@x水平考试@j自学参考资料
606 0  @a日语
606 0  @a日语@x水平考试@j自学参考资料
606 0  @a语法
690    @aH364@v4
690    @aH360.42@v4
701  0 @a宫伟@9gong wei@f(1970~)@4主编
702  0 @a崔平@9cui ping@c(日语)@4册主编
801  0 @aCN@bNLC@c20070804
905    @a10447@dH360.42@e424
    
    日语能力测试过级辅导丛书.二级文法/宫伟主编/崔平册主编.-大连:大连理工大学出版社,2006
    133页;26cm
    
    
    ISBN 7-5611-3273-5:CNY15.00
    本书分文型·文法专项解说、专项练习问题、综合练习三部分,并附有参考答案。
●
相关链接 在E读中查询图书 在五车中查询图书 在当当中查询图书 在豆瓣中查询图书


正题名:日语能力测试过级辅导丛书     索取号:H360.42/424         预约/预借

序号 登录号 条形码 馆藏地/架位号 状态 备注
1 0803337   208033377   第二样本阅览室/ [索取号:H360.42/424] 在馆    
2 0803338   208033386   第四借阅区/ [索取号:H360.42/424] 在馆    
3 0803339   208033395   第四借阅区/ [索取号:H360.42/424] 在馆    
4 0803340   208033402   第四借阅区/ [索取号:H360.42/424] 在馆    
5 0803341   208033411   第四借阅区/ [索取号:H360.42/424] 在馆    
6 0803342   208033420   第四借阅区/ [索取号:H360.42/424] 在馆    
7 0803343   208033439   第四借阅区/ [索取号:H360.42/424] 在馆    
8 0803344   208033448   第四借阅区/ [索取号:H360.42/424] 在馆    
9 0803345   208033457   第四借阅区/ [索取号:H360.42/424] 在馆    
10 0803346   208033466   第四借阅区/ [索取号:H360.42/424] 在馆    
唐山师范学院图书馆 欢迎您!
大连网信软件有限公司© 版权所有